| 000 | 00916nmc a2200301 a 4500 | ||
|---|---|---|---|
| 003 | AR-BaBNM | ||
| 005 | 20251128211458.0 | ||
| 008 | 224020s2002 ||||||||||||||000 | spa|| | ||
| 020 | _a84-368-1657-9 | ||
| 040 | _cAR-BaBNM | ||
| 100 | 1 | _aAdell, Marc Antoni | |
| 245 | 1 | 0 | _aEstrategias para mejorar el rendimiento académico de los adolescentes |
| 260 |
_aMadrid _bEdiciones Pirámide _c2002 |
||
| 300 | 0 |
_a273 p. _btablas, gráfs., fot. |
|
| 490 | 0 | _aPsicología. Pedagogía | |
| 504 | _aContiene referencias bibliográficas y de páginas en internet p. 261-273 | ||
| 650 | 4 | _aPSICOLOGIA DE LA EDUCACION | |
| 650 | 4 | _aADOLESCENCIA | |
| 650 | 4 | _aRENDIMIENTO DEL ALUMNO | |
| 650 | 4 | _aFACTORES DE RENDIMIENTO | |
| 650 | 4 | _aFAMILIA | |
| 650 | 4 | _aPERSONALIDAD | |
| 650 | 4 | _aCOMPORTAMIENTO | |
| 653 | _aESTRATEGIAS EDUCATIVAS | ||
| 800 | 1 | _aLabrador, Francisco J. | |
| 942 | _cBK | ||
| 998 | _craquel | ||
| 999 |
_c19819 _d19819 |
||